[Event "HUN-chT2 Breyer 1718"]
[Site "Hungary"]
[Date "2017.12.03"]
[Round "5.11"]
[White "Vorosvacki, Andras"]
[Black "Forgacs, Andras"]
[Result "0-1"]
[WhiteElo "1413"]
[BlackElo "1697"]
[PlyCount "60"]
[EventDate "2017.09.24"]
[EventType "team-tourn"]
[EventRounds "11"]
[EventCountry "HUN"]
[SourceTitle "EXT 2021"]
[Source "ChessBase"]
[SourceDate "2020.10.23"]
[SourceVersion "1"]
[SourceVersionDate "2020.10.23"]
[SourceQuality "1"]
[WhiteTeam "Nyergesujfalu"]
[BlackTeam "Biatorbagy"]
[WhiteTeamCountry "HUN"]
[BlackTeamCountry "HUN"]

1. e4 c6 2. d4 d5 3. Nc3 dxe4 4. Nxe4 Bf5 5. Ng3 Bg6 6. Nf3 Nd7 7. Bc4 e6 8. 0-0 Bd6 9. c3 Qc7 10. Ng5 h6 11. Nf3 Ne7 12. Re1 0-0-0 13. Ne4 Bxe4 14. Rxe4 Nf6 15. Re2 Ng4 16. h3 Nf6 17. Qb3 Ned5 18. Ne5 g5 19. a4 Rdg8 20. f3 h5 21. a5 g4 22. fxg4 hxg4 23. Bxd5 exd5 24. hxg4 Bxe5 25. dxe5 Nxg4 26. Bf4 Qe7 27. g3 Qc5+ 28. Kg2 Rh2+ 29. Kf3 Rf2+ 30. Rxf2 Qxf2# 0-1

[Event "HUN-chT2 Breyer 1718"]
[Site "Hungary"]
[Date "2017.11.26"]
[Round "4.11"]
[White "Rabi Nagy, Daniel"]
[Black "Vorosvacki, Andras"]
[Result "1-0"]
[WhiteElo "1385"]
[BlackElo "1433"]
[PlyCount "29"]
[EventDate "2017.09.24"]
[EventType "team-tourn"]
[EventRounds "11"]
[EventCountry "HUN"]
[SourceTitle "EXT 2021"]
[Source "ChessBase"]
[SourceDate "2020.10.23"]
[SourceVersion "1"]
[SourceVersionDate "2020.10.23"]
[SourceQuality "1"]
[WhiteTeam "Szekesfehervar"]
[BlackTeam "Nyergesujfalu"]
[WhiteTeamCountry "HUN"]
[BlackTeamCountry "HUN"]

1. e4 c5 2. Nf3 Nc6 3. d4 cxd4 4. Nxd4 g6 5. Be3 Bg7 6. Nc3 d6 7. Bb5 Bd7 8. 0-0 Nf6 9. f3 a6 10. Ba4 b5 11. Bb3 Qb6 12. Nf5 Qc7 13. Nxg7+ Kf8 14. Bh6 Kg8 15. Nd5 1-0

[Event "HUN-chT2 Breyer 1718"]
[Site "Hungary"]
[Date "2017.10.29"]
[Round "3.11"]
[White "Benyeda, Monika"]
[Black "Vorosvacki, Andras"]
[Result "1-0"]
[WhiteElo "1306"]
[BlackElo "1471"]
[PlyCount "97"]
[EventDate "2017.09.24"]
[EventType "team-tourn"]
[EventRounds "11"]
[EventCountry "HUN"]
[SourceTitle "EXT 2021"]
[Source "ChessBase"]
[SourceDate "2020.10.23"]
[SourceVersion "1"]
[SourceVersionDate "2020.10.23"]
[SourceQuality "1"]
[WhiteTeam "Vizugy"]
[BlackTeam "Nyergesujfalu"]
[WhiteTeamCountry "HUN"]
[BlackTeamCountry "HUN"]

1. d4 d5 2. Nf3 g6 3. c3 Bg7 4. Bf4 Nf6 5. e3 0-0 6. Be2 Nbd7 7. 0-0 c5 8. Nbd2 c4 9. b3 b5 10. a4 Ba6 11. axb5 Bxb5 12. bxc4 Bc6 13. Nb3 Ne4 14. Qc2 dxc4 15. Bxc4 Nef6 16. Qe2 Qc8 17. Nbd2 Nb6 18. Ne5 Nfd5 19. Nxc6 Qxc6 20. Bxd5 Nxd5 21. Qf3 Rfc8 22. c4 Nb6 23. Qxc6 Rxc6 24. c5 Nd5 25. Bg3 a5 26. Nc4 a4 27. Rfb1 Nc3 28. Rb6 Rxc5 29. dxc5 Ne2+ 30. Kf1 Nxg3+ 31. hxg3 Bxa1 32. Ke2 a3 33. c6 a2 34. c7 Be5 35. Nxe5 a1Q 36. Rb8+ Rxb8 37. cxb8Q+ Kg7 38. Nd3 f6 39. f4 Qa2+ 40. Qb2 Qd5 41. Nf2 Qc4+ 42. Kf3 Qd5+ 43. e4 Qc6 44. g4 Kf7 45. Qd2 Kg7 46. g5 fxg5 47. fxg5 Qc5 48. Ng4 Qa3+ 49. Kf4 1-0

[Event "HUN-chT2 Breyer 1617"]
[Site "Hungary"]
[Date "2016.12.11"]
[Round "4.11"]
[White "Pregitzer, Gyorgy"]
[Black "Vorosvacki, Andras"]
[Result "0-1"]
[WhiteElo "1734"]
[BlackElo "1504"]
[PlyCount "69"]
[EventDate "2016.10.30"]
[EventType "team-tourn"]
[EventRounds "9"]
[EventCountry "HUN"]
[SourceTitle "EXT 2021"]
[Source "ChessBase"]
[SourceDate "2020.10.23"]
[SourceVersion "1"]
[SourceVersionDate "2020.10.23"]
[SourceQuality "1"]
[WhiteTeam "Zsambek"]
[BlackTeam "Nyergesujfalu"]
[WhiteTeamCountry "HUN"]
[BlackTeamCountry "HUN"]

1. f4 c5 2. e4 Nc6 3. Nf3 g6 4. c3 Bg7 5. e5 d6 6. Bb5 Bd7 7. Bxc6 Bxc6 8. d4 dxe5 9. fxe5 cxd4 10. cxd4 Bxf3 11. Qxf3 Qxd4 12. Be3 Qxb2 13. 0-0 f5 14. Nd2 Qxe5 15. Rac1 Nf6 16. Bf4 Qd5 17. Qa3 Qd8 18. Qb3 Qb6+ 19. Be3 Qxb3 20. axb3 Nd5 21. Bg5 Bd4+ 22. Kh1 Be3 23. Bxe3 Nxe3 24. Rf3 Nd5 25. Nc4 0-0 26. Re1 Rfe8 27. Ne5 Kg7 28. h3 Rac8 29. Rd3 Nf6 30. Red1 Rc5 31. Nf3 Ne4 32. Kg1 Rc3 33. Rd7 Rxb3 34. Nd4 Kf6 35. Nf3 0-1

[Event "HUN-chT2 Breyer 1415"]
[Site "Hungary"]
[Date "2014.12.14"]
[Round "?"]
[White "Juhasz, Andras"]
[Black "Vorosvacki, Andras"]
[Result "1-0"]
[WhiteElo "2095"]
[BlackElo "1367"]
[PlyCount "53"]
[EventDate "2014.09.07"]
[EventType "team-tourn"]
[EventRounds "11"]
[EventCountry "HUN"]
[SourceTitle "EXT 2016"]
[Source "ChessBase"]
[SourceDate "2015.10.08"]
[SourceVersion "1"]
[SourceVersionDate "2015.10.08"]
[SourceQuality "1"]
[WhiteTeam "Pestszentlorinc"]
[BlackTeam "Nyergesujfalu"]
[WhiteTeamCountry "HUN"]
[BlackTeamCountry "HUN"]

1. d4 d5 2. Nf3 Nf6 3. c4 e6 4. Nc3 Bb4 5. Qa4+ Nc6 6. Bg5 0-0 7. e3 Bd7 8. Qc2 Re8 9. Bd3 h6 10. Bh4 dxc4 11. Bxc4 e5 12. dxe5 Nxe5 13. Nxe5 Rxe5 14. Bxf7+ Kxf7 15. Qb3+ Re6 16. Qxb4 Qe8 17. 0-0 Bc6 18. Bg3 Rc8 19. Rad1 Qe7 20. Qa5 a6 21. Rd4 Ne8 22. Nd5 Qg5 23. Qd2 Kg8 24. Bh4 Qg6 25. Nf4 Qg4 26. f3 Qxh4 27. Nxe6 1-0

[Event "HUN-chT2 Breyer 1314"]
[Site "Hungary"]
[Date "2014.03.02"]
[Round "6"]
[White "Szakaly, Botond"]
[Black "Vorosvacki, Andras"]
[Result "1/2-1/2"]
[WhiteElo "1596"]
[BlackElo "1379"]
[PlyCount "40"]
[EventDate "2013.09.08"]
[EventType "team-tourn"]
[EventRounds "9"]
[EventCountry "HUN"]
[SourceTitle "EXT 2016"]
[Source "ChessBase"]
[SourceDate "2015.10.08"]
[SourceVersion "1"]
[SourceVersionDate "2015.10.08"]
[SourceQuality "1"]
[WhiteTeam "Biatorbagy"]
[BlackTeam "Zoltek"]
[WhiteTeamCountry "HUN"]
[BlackTeamCountry "HUN"]

1. e4 c5 2. Nf3 Nc6 3. d4 cxd4 4. Nxd4 e6 5. Be3 Nf6 6. f3 Be7 7. Bc4 0-0 8. Nc3 d5 9. exd5 Nxd5 10. Nxd5 exd5 11. Nxc6 bxc6 12. Bb3 Re8 13. 0-0 Bg5 14. Bd4 Qe7 15. Qd3 a5 16. c4 a4 17. Bc2 g6 18. Qc3 c5 19. Bf2 dxc4 20. Rfe1 Be6 1/2-1/2

[Event "HUN-chT2 Breyer 1213"]
[Site "Hungary"]
[Date "2013.01.27"]
[Round "7.11"]
[White "Vorosvacki, Andras"]
[Black "Acs, Bendeguz"]
[Result "0-1"]
[WhiteElo "1411"]
[BlackElo "1610"]
[PlyCount "74"]
[EventDate "2012.09.16"]
[EventType "team-tourn"]
[EventRounds "11"]
[EventCountry "HUN"]
[SourceTitle "EXT 2014"]
[Source "ChessBase"]
[SourceDate "2013.11.20"]
[SourceVersion "1"]
[SourceVersionDate "2013.11.20"]
[SourceQuality "1"]
[WhiteTeam "Zoltek"]
[BlackTeam "Zsambek"]
[WhiteTeamCountry "HUN"]
[BlackTeamCountry "HUN"]

1. e4 c5 2. Nf3 g6 3. d4 cxd4 4. Nxd4 Bg7 5. Bc4 d6 6. b3 Nc6 7. Bb2 Qb6 8. Bb5 Bd7 9. Bxc6 bxc6 10. Na3 c5 11. Nc4 Qb7 12. Nf3 Qxe4+ 13. Qe2 Qxe2+ 14. Kxe2 Bxb2 15. Nxb2 Bg4 16. Rhe1 Kd7 17. Ke3 Nf6 18. h3 Bxf3 19. Kxf3 e6 20. Kg3 d5 21. Kh2 Kc6 22. Rad1 Ne4 23. Kg1 Nc3 24. Ra1 Nb5 25. Nd3 Rhf8 26. Rad1 Nc3 27. Ra1 Kd6 28. Kh1 f6 29. Kg1 e5 30. Nb2 f5 31. Re3 Nb5 32. Rae1 e4 33. Rd1 Ke6 34. Nd3 Kd6 35. Nf4 d4 36. c4 Nc7 37. b4 Ke5 0-1

[Event "HUN-chT2 Breyer 1213"]
[Site "Hungary"]
[Date "2012.11.04"]
[Round "3.11"]
[White "Guber, Tamas"]
[Black "Vorosvacki, Andras"]
[Result "1-0"]
[WhiteElo "1580"]
[BlackElo "1411"]
[PlyCount "33"]
[EventDate "2012.09.16"]
[EventType "team-tourn"]
[EventRounds "11"]
[EventCountry "HUN"]
[SourceTitle "EXT 2014"]
[Source "ChessBase"]
[SourceDate "2013.11.20"]
[SourceVersion "1"]
[SourceVersionDate "2013.11.20"]
[SourceQuality "1"]
[WhiteTeam "MAV Elore"]
[BlackTeam "Zoltek"]
[WhiteTeamCountry "HUN"]
[BlackTeamCountry "HUN"]

1. e4 c5 2. Nf3 Nc6 3. d4 cxd4 4. Nxd4 Nf6 5. Nc3 e6 6. Ndb5 d5 7. exd5 exd5 8. Nxd5 Nxd5 9. Qxd5 Nb4 10. Qxd8+ Kxd8 11. Bg5+ f6 12. 0-0-0+ Bd7 13. Be3 Rc8 14. Nc3 Kc7 15. Bxa7 Bf5 16. Nb5+ Kc6 17. Nd4+ 1-0

[Event "HUN-chT2 Breyer 1112"]
[Site "Hungary"]
[Date "2011.11.27"]
[Round "4.11"]
[White "Vorosvacki, Andras"]
[Black "Medve, Mark"]
[Result "0-1"]
[WhiteElo "1422"]
[BlackElo "1635"]
[PlyCount "48"]
[EventDate "2011.09.25"]
[EventType "team-tourn"]
[EventRounds "11"]
[EventCountry "HUN"]
[SourceTitle "EXT 2013"]
[Source "ChessBase"]
[SourceDate "2012.11.22"]
[SourceVersion "1"]
[SourceVersionDate "2012.11.22"]
[SourceQuality "1"]
[WhiteTeam "Zoltek"]
[BlackTeam "BEAC II"]
[WhiteTeamCountry "HUN"]
[BlackTeamCountry "HUN"]

1. e4 c5 2. Bc4 d6 3. Nf3 Nf6 4. Ng5 e6 5. Nc3 a6 6. a4 Be7 7. 0-0 0-0 8. d3 Nc6 9. f4 d5 10. Bb3 Rb8 11. Rf3 h6 12. e5 Nd7 13. Rh3 Ndxe5 14. Qh5 Nd7 15. Nf3 Nf6 16. Qh4 e5 17. f5 Bxf5 18. Rg3 Ng4 19. Qh3 c4 20. dxc4 Qb6+ 21. Nd4 Qxd4+ 22. Be3 Nxe3 23. Qh5 Ng4+ 24. Kh1 Nf2+ 0-1

[Event "HUN-chT2 Breyer 1011"]
[Site "Hungary"]
[Date "2011.04.10"]
[Round "8.12"]
[White "Vorosvacki, Andras"]
[Black "Pilis, Peter"]
[Result "0-1"]
[WhiteElo "1445"]
[BlackElo "1742"]
[PlyCount "66"]
[EventDate "2010.09.12"]
[EventType "team-tourn"]
[EventRounds "11"]
[EventCountry "HUN"]
[SourceTitle "EXT 2012"]
[Source "ChessBase"]
[SourceDate "2011.11.24"]
[SourceVersion "1"]
[SourceVersionDate "2011.11.24"]
[SourceQuality "1"]
[WhiteTeam "Zoltek"]
[BlackTeam "Torokbalint"]
[WhiteTeamCountry "HUN"]
[BlackTeamCountry "HUN"]

1. e4 c5 2. Bc4 e6 3. Nf3 a6 4. a4 Nc6 5. d3 Qc7 6. Be3 Nf6 7. 0-0 b6 8. Nc3 d6 9. Bg5 Be7 10. Qd2 0-0 11. Qe3 Bb7 12. Rfe1 e5 13. Bxf6 Bxf6 14. Nd5 Qd8 15. h3 a5 16. Kh2 Ba6 17. c3 Bxc4 18. dxc4 g6 19. Rh1 Bg7 20. Kg1 f5 21. Ng5 f4 22. Ne6 fxe3 23. Nxd8 exf2+ 24. Kh2 Nxd8 25. Nxb6 Ra7 26. Nc8 Rd7 27. Rhf1 Ne6 28. Nb6 Rb7 29. Nd5 Rxb2 30. Ne7+ Kh8 31. Rad1 Ng5 32. Rxd6 Nxe4 33. Ra6 Bh6 0-1